000 00374 a2200109 4500
001 ART_41286
005 20260410161942.0
008 260409a
245 1 0 _aImpuesto a las ganancias: principales cambios y su incidencia en el salario del trabajador
100 1 _aToselli, Vanessa N.
773 0 _tTemas de derecho laboral
_g- NÂș 3 (mar. 2017)
_wREV27619
999 _c29630
_d29630